Autorské právo a šport
Prepojenie medzi autorským právom a športom, najmä s ohľadom na použitie rôznych autorskoprávne chránených diel a iných predmetov ochrany v športovej oblasti. Vysielanie športových prenosov a s tým súvisiaca autorskoprávna úprava. Problematika autorského práva a športu v medzinárodnom kontexte a vo...
Gespeichert in:
| 1. Verfasser: | |
|---|---|
| Format: | Buchkapitel |
| Sprache: | Slowakisch |
| Schlagworte: | |
| Tags: |
Keine Tags, Fügen Sie das erste Tag hinzu!
|
MARC
| LEADER | 00000naa a2200000 4500 | ||
|---|---|---|---|
| 001 | 0256963 | ||
| 005 | 20190711093736.5 | ||
| 041 | 0 | |a slo | |
| 044 | |a SK | ||
| 245 | 1 | 0 | |a Autorské právo a šport |c Jakub Slovák |
| 520 | |a Prepojenie medzi autorským právom a športom, najmä s ohľadom na použitie rôznych autorskoprávne chránených diel a iných predmetov ochrany v športovej oblasti. Vysielanie športových prenosov a s tým súvisiaca autorskoprávna úprava. Problematika autorského práva a športu v medzinárodnom kontexte a vo svetle nových legislatívnych opatrení prijatých na úrovni Európskej únie. | ||
| 610 | 2 | 0 | |a šport |
| 610 | 2 | 0 | |a ochrana právna |
| 610 | 2 | 0 | |a ochrana práv priemyselných |
| 610 | 2 | 0 | |a vlastníctvo duševné |
| 610 | 2 | 0 | |a dizajn |
| 610 | 2 | 0 | |a právo autorské |
| 610 | 2 | 0 | |a dohody medzinárodné |
| 610 | 2 | 0 | |a smernice |
| 610 | 2 | 0 | |a Európska únia |
| 100 | 1 | |a Slovák, Jakub | |